000 00667nam a2200217Ia 4500
001 10788
003 GE_BSU
008 181216s||||||||xx |||||||||||||| ||und||
040 _cGE_BSU
080 _a821.353.1-1
100 _aქათამაძე,ჯემალ.
245 _aმიწის სიმღერა.
245 _bლექსები.
245 _cრედ.შ.ზოიძე; მხატვ.გ,ხოჯაშვილი.
260 _aბათუმი.
260 _bსაბჭოთა აჭარა.
260 _c1974.
300 _a130გვ;17სმ.
653 _aმიწის სიმღერა.
942 _cBK
999 _c44036
_d44036